000 00688nam a2200205Ia 4500
003 GCL
008 140319s9999 xx 000 0 ara d
040 _aGCL /
_cGCL
082 0 4 _a721
_bا م
100 1 _aالهامى دهان
245 1 0 _aمسابقات فى الهندسة المعمارية /
_cالهامى دهان
250 _aالثانية
260 _aبيروت :
_bدار قابس للطباعة والنشر والتوزيع ،
_c2000
300 _a111 ص ؛
_c40 سم
650 0 4 _aالرسم الهندسى
650 0 4 _aالعمارة الحديثة
650 0 4 _aالتصميم الهندسى
650 0 4 _aالهندسة المعمارية
942 _2ddc
_cBK
999 _c5445
_d5445